Economic significance of revised age relations of rocks in the Cornucopia mining district, Elko County, Nevada, (Record no. 30446)
[ view plain ]
| 000 -LEADER | |
|---|---|
| fixed length control field | 00980cam a2200277 4500 |
| 001 - CONTROL NUMBER | |
| control field | gs 68000207 |
| 003 - CONTROL NUMBER IDENTIFIER | |
| control field | DLC |
| 005 - DATE AND TIME OF LATEST TRANSACTION | |
| control field | 20260227111422.0 |
| 008 - FIXED-LENGTH DATA ELEMENTS--GENERAL INFORMATION | |
| fixed length control field | 690523s1967 dcub b 00010 eng c |
| 010 ## - LIBRARY OF CONGRESS CONTROL NUMBER | |
| LC control number | gs 68000207 //r933 |
| 040 ## - CATALOGING SOURCE | |
| Original cataloging agency | U.S. Geol. Survey. Library |
| Transcribing agency | DLC |
| Modifying agency | DLC |
| 043 ## - GEOGRAPHIC AREA CODE | |
| Geographic area code | n-us-nv |
| 050 00 - LIBRARY OF CONGRESS CALL NUMBER | |
| Classification number | QE75 |
| Item number | .C5 no. 549 |
| 051 ## - LIBRARY OF CONGRESS COPY, ISSUE, OFFPRINT STATEMENT | |
| Classification number | QE138.E4 |
| Item number | C6 |
| Copy information | Copy 2. |
| 082 00 - DEWEY DECIMAL CLASSIFICATION NUMBER | |
| Classification number | 553/.09793/16 |
| 100 10 - MAIN ENTRY--PERSONAL NAME | |
| Personal name | Coats, Robert Roy, |
| Dates associated with a name | 1910- |
| 245 10 - TITLE STATEMENT | |
| Title | Economic significance of revised age relations of rocks in the Cornucopia mining district, Elko County, Nevada, |
| Statement of responsibility, etc. | by R. R. Coats. |
| 260 0# - PUBLICATION, DISTRIBUTION, ETC. | |
| Place of publication, distribution, etc. | Washington, |
| Name of publisher, distributor, etc. | U.S. Dept. of the Interior, |
| Date of publication, distribution, etc. | 1967. |
| 300 ## - PHYSICAL DESCRIPTION | |
| Extent | iii, 4 p. |
| Other physical details | maps. |
| Dimensions | 27 cm. |
| 490 1# - SERIES STATEMENT | |
| Series statement | Geological Survey circular 549 |
| 504 ## - BIBLIOGRAPHY, ETC. NOTE | |
| Bibliography, etc. note | Bibliography: p. 4. |
| 650 #0 - SUBJECT ADDED ENTRY--TOPICAL TERM | |
| Topical term or geographic name entry element | Geology |
| Geographic subdivision | Nevada |
| -- | Elko County. |
| 650 #0 - SUBJECT ADDED ENTRY--TOPICAL TERM | |
| Topical term or geographic name entry element | Ore deposits |
| Geographic subdivision | Nevada |
| -- | Elko County. |
| 740 #1 - ADDED ENTRY--UNCONTROLLED RELATED/ANALYTICAL TITLE | |
| Uncontrolled related/analytical title | Cornucopia mining district, Elko County, Nevada. |
| 830 #0 - SERIES ADDED ENTRY--UNIFORM TITLE | |
| Uniform title | Geological Survey circular ; |
| Volume/sequential designation | 549. |
No items available.